| 000 | 01015nam a22003257a 4500 | ||
|---|---|---|---|
| 001 | 200460772 | ||
| 003 | TR-AnTOB | ||
| 005 | 20240605153526.0 | ||
| 008 | 240605b tu ||||| |||| 00| 0 tur d | ||
| 020 | _a9789754994247 | ||
| 040 |
_aTR-AnTOB _beng _cTR-AnTOB _erda |
||
| 041 | _atur | ||
| 092 |
_a793.7083 _bYIL 2012 |
||
| 099 | _a2012 AD 31961 | ||
| 100 | 1 | _aYıldız, Veysel | |
| 245 | 1 | 0 |
_aBil bul çöz ilköğretim 5 bulmacalarla tüm dersler / _cVeysel Yıldız, Nihat Demir ; resimleyen: Ayşe İnan Alican. |
| 250 | _a5. bs. | ||
| 260 |
_aAnkara : _bKök Yayıncılık, _c2012. |
||
| 300 |
_a112 Pages. : _bill. ; _c20 cm. |
||
| 336 |
_atext _btxt _2rdacontent |
||
| 337 |
_aunmediated _bn _2rdamedia |
||
| 338 |
_avolume _bnc _2rdacarrier |
||
| 650 | 4 | _aBilmece-bulmaca, çocuklar için | |
| 650 | 4 | _aZekâ oyunları, çocuklar için | |
| 700 | 1 | _aDemir, Nihat | |
| 700 | 1 |
_aAlican, Ayşe İnan, _eres. |
|
| 942 |
_2ddc _cBK |
||
| 999 |
_c200460772 _d78984 |
||